000 01378cam a22002657 4500
001 tmp80018697
003 DLC
005 20260227112752.0
007 cr |||||||||||
008 930205s1871 ctu 000 0 eng
010 _atmp80018697
040 _aDLC
_cDLC
_dDLC
050 0 0 _aJK1885 1848a no. 13 Copy 2
051 _aJK1881
_b.N357 sec. I, no. 144, #3
_cAnother copy. 4 p. 23 cm. Formerly owned by Lucy Stone. Gift of the National American Woman Suffrage Association, Nov. 1, 1938.
110 2 _aNational Woman Suffrage and Educational Committee.
245 1 3 _aAn appeal to the women of the United States
_cby the National woman suffrage and educational committee, Washington, D.C. ...
260 _aHartford,
_bCase, Lockwood & Brainard, printers,
_c1871.
300 _ap. [1-2] (incomplete)
_c21 cm.
520 _aThe appeal argues that women were already enfranchised by the Fourteenth and Fifteenth Amendments.
530 _aAlso available in digital form on the Library of Congress Web site.
700 1 _aStone, Lucy,
_d1818-1893,
_eformer owner.
_5DLC
710 2 _aSusan B. Anthony Collection (Library of Congress)
_5DLC
710 2 _aNational American Woman Suffrage Association Collection (Library of Congress)
_5DLC
856 4 1 _3National American Woman Suffrage Association Collection copy
_drbnawsa
_fn8697
_qs
_uhttp://hdl.loc.gov/loc.rbc/rbnawsa.n8697
999 _c90999
_d90999